Normal view
MARC view
- Maqueo, Ana María
Entry Nombre Personal
001 - NUMERO DE CONTROL
- campo de control: 29121
003 - IDENTIFICADOR DE NUMERO DE CONTROL
- campo de control: UPN
005 - FECHA Y HORA DE LA ÜLTIMA TRANSACCIÓN
- campo de control: 20220610124818.0
008 - DATOS DE LONGITUD FIJA
- campo de control de longitud fija: nabaccnnaabn|||||||||| b |nc|||||d
035 ## - NUMERO DE CONTROL
- Número de control: UPN11000001227
040 ## - FUENTE DE CATALOGACIÓN
- Agencia original de catalogación: UPN
- Lenguaje de catalogación: SPA
- Agencia de transcripción: UPN
053 #4 - NÚMERO DE CLASIFICACIÓN LC
- Número de clasificación elemento-número único o número inicial de tramo: PQ7298.23 A6.9
100 1# - ENCABEZAMIENTO - NOMBRE PERSONAL
- Nombre personal: Maqueo, Ana María
400 1# - VEÁSE - NOMBRE DE PERSONA
- Personal name: Maqueo Uriarte, Ana María
670 ## - FUENTE EN LA QUE SE LOCALIZARON DATOS
- Cita de la fuente: Español 3 para extranjeros, 2004:
- Uniform Resource Identifier: portada (Ana María Maqueo) contraportada (Ana María Maqueo Uriarte)
670 ## - FUENTE EN LA QUE SE LOCALIZARON DATOS
- Cita de la fuente: Español 2 : luz y saber, 1993:
- Uniform Resource Identifier: portada (Ana María Maqueo)
680 ## - NOTA PUBLICA DE ACCESO PÚBLICO
- Frase explicativa de la referencia: Doctora en Lingüística mexicana
902 ## - CATALOGADOR
- Catalogador: DAA/030408
